[Event "Reykjavik Open 2016"]
[Site "Reykjavik ISL"]
[Date "2016.03.12"]
[Round "6.81"]
[White "Mai, Alexander Oliver"]
[Black "Jonsson, Olafur Gisli"]
[Result "1-0"]
[WhiteElo "1558"]
[BlackElo "1904"]
[WhiteFideId "2313391"]
[BlackFideId "2302705"]
[EventDate "2016.03.08"]

1. d4 d5 2. Bf4 c5 3. e3 Nc6 4. c3 e6 5. Nf3 Bd6 6. Bg3 Nf6 7. Nbd2 a6 8. Bd3
cxd4 9. exd4 Bxg3 10. hxg3 h6 11. Qe2 Qc7 12. Kf1 O-O 13. Nh4 e5 14. dxe5 Nxe5
15. Ndf3 Nxd3 16. Qxd3 Bd7 17. Kg1 Qb6 18. Ne5 Bb5 19. Qf3 Rae8 20. Ng4 Nxg4 21.
Qxg4 Re4 22. Qf5 Bd3 23. Qxd5 Rd8 24. Qb3 Qc7 25. Nf3 Bc4 26. Qa3 Re2 27. Nd4
Rd2 28. Rh4 Qb6 29. b3 Bd3 30. Qc1 1-0

[Event "Reykjavik Open 2016"]
[Site "Reykjavik ISL"]
[Date "2016.03.12"]
[Round "6.82"]
[White "Kruger, Jan"]
[Black "Baldursson, Haraldur"]
[Result "0-1"]
[WhiteElo "1810"]
[BlackElo "1947"]
[WhiteFideId "1709119"]
[BlackFideId "2301423"]
[EventDate "2016.03.08"]

1. f4 d5 2. Nf3 Nf6 3. e3 e6 4. Be2 Bd6 5. O-O Nbd7 6. d3 O-O 7. Nc3 a6 8. Qe1
b5 9. a3 Bb7 10. Qg3 c5 11. Nd1 Qc7 12. Nf2 Rfe8 13. Ng4 Nxg4 14. Qxg4 e5 15.
fxe5 Nxe5 16. Nxe5 Rxe5 17. e4 dxe4 18. Bf4 Re6 19. Bxd6 Qxd6 20. Rad1 e3 21. g3
Rae8 22. Rf4 Rg6 23. Qf5 f6 24. Rdf1 Re5 25. Qh3 Reg5 26. g4 h5 27. Qxe3 hxg4
28. Qg3 f5 29. Kf2 Rh6 30. Ke1 Qe5 31. c3 Bf3 32. Rf2 Bxe2 33. Rxe2 Qd5 34. Qe3
Kh7 35. Qe7 Rgh5 36. Rff2 Qxd3 37. Rd2 Qe4+ 38. Qxe4 fxe4 39. Rde2 e3 40. Rg2
Rh3 41. b3 R6h4 42. Kf1 Kg6 43. Rg3 Rxh2 44. Rxh2 Rxh2 45. Rxg4+ Kf5 46. Rxg7
Ke4 47. Rd7 Ra2 48. a4 bxa4 49. bxa4 Rxa4 50. Rc7 Ra1+ 51. Ke2 Ra2+ 52. Kf1 Kd3
53. Rxc5 Ra1+ 54. Kg2 e2 55. Rd5+ Ke4 0-1

[Event "Reykjavik Open 2016"]
[Site "Reykjavik ISL"]
[Date "2016.03.12"]
[Round "6.83"]
[White "Rowan, Daniel"]
[Black "Cohen, Lawrence S"]
[Result "1/2-1/2"]
[WhiteElo "1801"]
[BlackElo "1930"]
[WhiteFideId "431737"]
[BlackFideId "2026228"]
[EventDate "2016.03.08"]

1. e4 c5 2. Nf3 e6 3. d4 cxd4 4. Nxd4 Nc6 5. Nc3 Qc7 6. f4 a6 7. Nxc6 Qxc6 8.
Bd3 Bc5 9. Qe2 Ne7 10. e5 d5 11. exd6 Nd5 12. Nxd5 Qxd5 13. f5 O-O 14. f6 Bxd6
15. O-O Qe5 16. Qxe5 Bxe5 17. fxg7 Kxg7 18. c3 b5 19. Be4 Rb8 20. Be3 Bb7 21.
Bxb7 Rxb7 22. Rfd1 Rc8 23. Bd4 Bxd4+ 24. Rxd4 Rc6 25. Rad1 h6 26. a3 a5 27. Rg4+
Kh7 28. Rd8 f5 29. Rgg8 b4 30. axb4 axb4 31. Rc8 bxc3 32. bxc3 Rbc7 33. Rxc7+
Rxc7 34. Rg3 e5 35. Kf2 e4 36. Ke2 Rc5 37. Kd2 f4 38. Rg4 Rf5 39. c4 h5 40. Rh4
Kg6 41. Rh3 e3+ 42. Ke2 Ra5 43. Rf3 Ra2+ 44. Ke1 Rxg2 45. Rxf4 Rxh2 46. Rf3 Rc2
47. Rxe3 Rxc4 48. Kf2 Kg5 49. Kg2 Rg4+ 1/2-1/2

[Event "Reykjavik Open 2016"]
[Site "Reykjavik ISL"]
[Date "2016.03.12"]
[Round "6.84"]
[White "Birkisson, Bjorn Holm"]
[Black "Bernhard, Julia"]
[Result "1-0"]
[WhiteElo "1929"]
[BlackElo "1769"]
[WhiteFideId "2310600"]
[BlackFideId "1620860"]
[EventDate "2016.03.08"]

1. e4 e5 2. Nf3 Nc6 3. Bb5 a6 4. Ba4 Nf6 5. O-O Be7 6. Re1 b5 7. Bb3 d6 8. c3
O-O 9. h3 Na5 10. Bc2 c5 11. d4 Nd7 12. Nbd2 exd4 13. cxd4 Nc6 14. d5 Nce5 15.
a4 b4 16. Nxe5 Nxe5 17. a5 Bg5 18. Rf1 Bxd2 19. Qxd2 Nc4 20. Qd3 Nxa5 21. e5 g6
22. Qg3 dxe5 23. f4 Nb7 24. fxe5 Qxd5 25. Bh6 Re8 26. Rad1 Qc4 27. Bb3 Qb5 28.
Bxf7+ Kh8 29. Bxe8 1-0

[Event "Reykjavik Open 2016"]
[Site "Reykjavik ISL"]
[Date "2016.03.12"]
[Round "6.85"]
[White "Davidsdottir, Nansy"]
[Black "Kolka, Dawid"]
[Result "1/2-1/2"]
[WhiteElo "1778"]
[BlackElo "1891"]
[WhiteFideId "2309491"]
[BlackFideId "2308010"]
[EventDate "2016.03.08"]

1. e4 c6 2. d4 d5 3. exd5 cxd5 4. Bd3 Nc6 5. c3 Nf6 6. Nf3 Bg4 7. Bf4 e6 8. Nbd2
Be7 9. h3 Bh5 10. Qb3 Qc8 11. O-O O-O 12. Rac1 b6 13. Qc2 Bg6 14. Bh2 Qb7 15.
Ne5 Rac8 16. Nxg6 hxg6 17. Qa4 a5 18. Rfe1 Rfd8 19. Nf3 Bd6 20. Ne5 Bxe5 21.
Bxe5 Nxe5 22. Rxe5 Rc7 23. Re3 Re7 24. Rce1 Ne8 25. a3 Nd6 26. Bb5 Rc7 27. Qb3
Nxb5 28. Qxb5 Rdc8 29. h4 Rc6 30. Re5 Qc7 1/2-1/2

[Event "Reykjavik Open 2016"]
[Site "Reykjavik ISL"]
[Date "2016.03.12"]
[Round "6.86"]
[White "Acevedo Mendez, Lisseth"]
[Black "Einarsson, Oskar Long"]
[Result "1-0"]
[WhiteElo "1886"]
[BlackElo "1691"]
[WhiteFideId "6502938"]
[BlackFideId "2309220"]
[EventDate "2016.03.08"]

1. e4 c5 2. b3 d6 3. Bb2 e6 4. Bb5+ Nd7 5. a4 Nf6 6. Nc3 a6 7. Bxd7+ Bxd7 8. d3
Be7 9. Nf3 Qc7 10. Qe2 Bc6 11. Nd1 O-O 12. Ne3 b5 13. axb5 axb5 14. O-O h6 15.
Nd2 Nd7 16. Ng4 e5 17. Ne3 Rfe8 18. Nf5 Bf8 19. Qg4 Re6 20. Nf3 g6 21. Rxa8 Bxa8
22. Bc1 Nf6 23. Qg3 Nh5 24. Qh4 gxf5 25. exf5 Re7 26. Qxh5 Bxf3 27. Qxf3 f6 28.
Re1 Qb7 29. Re4 Kh7 30. Qh5 Qa8 31. Qg6+ Kh8 32. Qxf6+ Rg7 33. Qxh6+ Kg8 34.
Qe6+ Kh8 35. Rh4+ Rh7 36. Rxh7+ Kxh7 37. Qg6+ Kh8 38. f6 Qa1 39. Qg5 Qc3 40. g3
e4 41. f7 Qg7 42. Bb2 1-0

[Event "Reykjavik Open 2016"]
[Site "Reykjavik ISL"]
[Date "2016.03.12"]
[Round "6.87"]
[White "Hielscher, Ursula"]
[Black "Hrafnsson, Hreinn"]
[Result "1-0"]
[WhiteElo "1875"]
[BlackElo "1651"]
[WhiteFideId "4658965"]
[BlackFideId "2304686"]
[EventDate "2016.03.08"]

1. d4 Nf6 2. Bg5 e6 3. e4 Be7 4. e5 Nd5 5. Bxe7 Nxe7 6. Bd3 d6 7. Nf3 O-O 8. c3
Ng6 9. exd6 cxd6 10. Qc2 f5 11. g3 Bd7 12. Nbd2 Nc6 13. O-O-O Rc8 14. Qb3 Kh8
15. Nc4 Qc7 16. Ne3 Na5 17. Qc2 Bc6 18. d5 Bd7 19. dxe6 Bxe6 20. Bxf5 Bxa2 21.
Nd4 Qf7 22. Bxc8 Nb3+ 23. Nxb3 Bxb3 24. Qd3 Bxd1 25. Nxd1 Rxc8 26. Qxd6 Rf8 27.
Re1 Qa2 28. Re6 Kg8 29. f4 Qa1+ 30. Kc2 Qa4+ 31. Kb1 Qa5 32. Ne3 Qd8 33. Qxd8
Rxd8 34. f5 Nf8 35. Re7 Rd7 36. Re5 Rd6 37. Ng4 Nd7 38. Re2 Kf7 39. Kc2 Rd5 40.
Ne3 Re5 41. Kd3 Re8 42. Nc4 Nc5+ 43. Kd2 Rxe2+ 44. Kxe2 Kf6 45. g4 Kg5 46. Kf3
b6 47. Nd6 Na4 48. Ne4+ Kh4 49. g5 b5 50. f6 gxf6 51. gxf6 Nb6 52. Nc5 Nc4 53.
Kf4 Nd6 54. Ke5 Nf7+ 55. Ke6 Ng5+ 56. Ke7 h5 57. Ne4 Nh7 58. f7 1-0

[Event "Reykjavik Open 2016"]
[Site "Reykjavik ISL"]
[Date "2016.03.12"]
[Round "6.88"]
[White "Danielsson, Sigurdur"]
[Black "Hauksson, Hordur Aron"]
[Result "0-1"]
[WhiteElo "1763"]
[BlackElo "1873"]
[WhiteFideId "2301792"]
[BlackFideId "2303680"]
[EventDate "2016.03.08"]

1. e4 c5 2. b4 cxb4 3. a3 d5 4. e5 Qc7 5. Nf3 Nc6 6. d4 e6 7. axb4 Bxb4+ 8. c3
Be7 9. Bd3 a6 10. h4 h6 11. g4 Bd7 12. g5 O-O-O 13. Ke2 f6 14. exf6 gxf6 15.
gxf6 Nxf6 16. Bd2 Rdf8 17. Na3 e5 18. dxe5 Nxe5 19. Bf4 Bd6 20. Bxe5 Bxe5 21.
Qb3 Bc6 22. Rhb1 Nd7 23. Rg1 Nc5 24. Qc2 Bd6 25. Nb5 Qe7+ 26. Kf1 Rxf3 27. Bf5+
Nd7 28. Re1 Bxb5+ 29. Kg2 Qxh4 30. Kxf3 Qf4+ 31. Kg2 Rg8+ 32. Kh3 Qh2# 0-1

[Event "Reykjavik Open 2016"]
[Site "Reykjavik ISL"]
[Date "2016.03.12"]
[Round "6.89"]
[White "Ingebretsen, Jens E"]
[Black "Schadd, Jan"]
[Result "0-1"]
[WhiteElo "1755"]
[BlackElo "1864"]
[WhiteFideId "1522965"]
[BlackFideId "1047230"]
[EventDate "2016.03.08"]

1. e4 e6 2. d4 d5 3. Nd2 Nc6 4. Ngf3 Nf6 5. e5 Nd7 6. Bd3 Be7 7. c3 b6 8. O-O
Bb7 9. h3 Ncb8 10. Nh2 Ba6 11. Bxa6 Nxa6 12. Qe2 Qc8 13. f4 g6 14. b4 c5 15. b5
Nc7 16. Ndf3 a6 17. bxa6 Qxa6 18. Qxa6 Rxa6 19. Ng4 h5 20. Ne3 Nb5 21. Bb2 Ra4
22. g4 Kd8 23. f5 gxf5 24. gxf5 Rg8+ 25. Kh2 Bg5 26. Nxg5 Rxg5 27. Rg1 Rxg1 28.
Kxg1 cxd4 29. cxd4 Rb4 30. a4 Nxd4 31. Bxd4 Rxd4 32. fxe6 fxe6 33. a5 bxa5 34.
Rxa5 Nxe5 35. Ra8+ Ke7 36. Rh8 h4 37. Ng2 Ng6 38. Rh6 Kf6 39. Ne3 Kg5 40. Rh7
Rd2 41. Ra7 d4 42. Nc4 Rc2 43. Nd6 e5 44. Rf7 Re2 45. Rf5+ Kh6 46. Kf1 Re3 47.
Kf2 Nf4 48. Nc4 Nd3+ 49. Kg2 Re2+ 50. Kf1 Re1+ 51. Kg2 e4 52. Ne5 Nxe5 53. Rxe5
d3 54. Rd5 Kg6 55. Kf2 Re2+ 56. Kf1 Rh2 57. Rd4 Kf5 58. Rd8 Rxh3 59. Kg2 Rg3+
60. Kf2 e3+ 61. Kf1 Ke4 62. Re8+ Kd4 63. Rc8 Rf3+ 64. Kg1 e2 65. Rd8+ Ke3 66.
Re8+ Kd2 67. Kg2 Rf1 68. Kh2 e1=Q 0-1

[Event "Reykjavik Open 2016"]
[Site "Reykjavik ISL"]
[Date "2016.03.12"]
[Round "6.90"]
[White "Sigurdsson, Birkir Karl"]
[Black "Davidsson, Oskar Vikingur"]
[Result "1-0"]
[WhiteElo "1857"]
[BlackElo "1628"]
[WhiteFideId "2304180"]
[BlackFideId "2310627"]
[EventDate "2016.03.08"]

1. Nf3 d5 2. d4 Nc6 3. c4 e6 4. Nc3 Bb4 5. Bg5 Nf6 6. cxd5 exd5 7. e3 h6 8. Bh4
a6 9. Be2 Be6 10. O-O O-O 11. a3 Be7 12. b4 Ne4 13. Bxe7 Qxe7 14. Na4 Qd7 15.
Nc5 Nxc5 16. bxc5 Rfb8 17. Rc1 f6 18. Qc2 Na5 19. Bd3 b5 20. Nh4 Bf7 21. Bh7+
Kh8 22. Bf5 Qe7 23. e4 dxe4 24. Rfe1 g5 25. Bxe4 Ra7 26. Bg6 Qd7 27. Bxf7 Qxf7
28. Re7 1-0

[Event "Reykjavik Open 2016"]
[Site "Reykjavik ISL"]
[Date "2016.03.12"]
[Round "6.91"]
[White "Enersen, Eirik S."]
[Black "Meier, Gerd"]
[Result "1-0"]
[WhiteElo "1689"]
[BlackElo "1851"]
[WhiteFideId "1520784"]
[BlackFideId "4682971"]
[EventDate "2016.03.08"]

1. e4 c5 2. Nf3 a6 3. c3 d6 4. d4 cxd4 5. cxd4 Nf6 6. Nc3 g6 7. Be2 Bg7 8. O-O
O-O 9. h3 b5 10. a3 Bb7 11. Bd3 Nbd7 12. Be3 Qa5 13. Qd2 Rfe8 14. Bh6 Bh8 15.
Rfc1 Rac8 16. Be3 Qd8 17. Qe2 Bg7 18. Rc2 Nb6 19. Nd2 d5 20. e5 Ne4 21. Ncxe4
Rxc2 22. Bxc2 dxe4 23. Bxe4 Bxe4 24. Nxe4 Nc4 25. b3 Nxe3 26. Qxe3 Qd5 27. Rd1
Rd8 28. f4 Rc8 29. Qf3 Qc6 30. Nc5 Qxf3 31. gxf3 e6 32. Kf2 Bf8 33. b4 Ra8 34.
d5 exd5 35. Rxd5 a5 36. Nd3 axb4 37. axb4 Rb8 38. Ke3 h6 39. Ke4 Kg7 40. f5
gxf5+ 41. Kxf5 Rb6 42. Ke4 Be7 43. f4 Bf8 44. Nc5 Rg6 45. f5 Rg1 46. f6+ Kg6 47.
Nd3 1-0

[Event "Reykjavik Open 2016"]
[Site "Reykjavik ISL"]
[Date "2016.03.12"]
[Round "6.92"]
[White "Koes, Richard"]
[Black "Heidarsson, Arnar"]
[Result "1/2-1/2"]
[WhiteElo "1840"]
[BlackElo "1333"]
[WhiteFideId "1020528"]
[BlackFideId "2312875"]
[EventDate "2016.03.08"]

1. Nc3 e5 2. Nf3 Nc6 3. d4 exd4 4. Nxd4 Nxd4 5. Qxd4 Nf6 6. e4 d6 7. Bg5 Be7 8.
O-O-O O-O 9. h3 h6 10. Bh4 Nh5 11. Bxe7 Qxe7 12. Nd5 Qd8 13. g4 Nf6 14. Ne3 Qe7
15. f3 Qe5 16. Qd2 Be6 17. Kb1 Rfd8 18. Bd3 d5 19. Nxd5 Bxd5 20. exd5 Nxd5 21.
Rde1 Qf4 22. Qf2 Nb4 23. Re4 Nxd3 24. cxd3 Qd6 25. d4 Rac8 26. Rd1 b6 27. f4 Re8
28. Rde1 Rxe4 29. Rxe4 c5 30. f5 cxd4 31. Rxd4 Qe7 32. a3 Rd8 33. Rxd8+ Qxd8 1/2-1/2

[Event "Reykjavik Open 2016"]
[Site "Reykjavik ISL"]
[Date "2016.03.12"]
[Round "6.93"]
[White "Finnsson, Johann Arnar"]
[Black "Andersen, Dag"]
[Result "1/2-1/2"]
[WhiteElo "1664"]
[BlackElo "1811"]
[WhiteFideId "2308240"]
[BlackFideId "1504568"]
[EventDate "2016.03.08"]

1. e4 e6 2. d4 d5 3. exd5 exd5 4. Nf3 Bd6 5. Bg5 Ne7 6. Bd3 Nbc6 7. c3 Bg4 8.
Nbd2 Qd7 9. Qc2 O-O-O 10. O-O-O f6 11. Bh4 Bf5 12. Bg3 Bxd3 13. Qxd3 Nf5 14.
Bxd6 Nxd6 15. Nb3 b6 16. Nfd2 Rde8 17. Rde1 Qf5 18. Qxf5+ Nxf5 19. Nf3 h5 20. h4
Kd7 21. Kd2 Nd6 22. Kc2 Nd8 23. Nc1 Ne4 24. Re2 Ne6 25. g3 c6 26. Rhe1 Re7 27.
Nd2 Nd6 28. Nd3 Rhe8 29. f4 Nc7 30. Rxe7+ Rxe7 31. Rxe7+ Kxe7 32. b3 Nf5 33. Nf1
Ne8 34. Nf2 1/2-1/2

[Event "Reykjavik Open 2016"]
[Site "Reykjavik ISL"]
[Date "2016.03.12"]
[Round "6.94"]
[White "Ragnarsson, Heimir Pall"]
[Black "Edel, Fenja"]
[Result "1/2-1/2"]
[WhiteElo "1527"]
[BlackElo "1721"]
[WhiteFideId "2308860"]
[BlackFideId "24696749"]
[EventDate "2016.03.08"]

1. c4 e6 2. g3 d5 3. Bg2 Nf6 4. cxd5 exd5 5. Nf3 Be7 6. O-O O-O 7. d3 Bg4 8. Bf4
c6 9. Nbd2 Bd6 10. Bxd6 Qxd6 11. Nb3 Nbd7 12. d4 Rae8 13. e3 Ne4 14. Qc2 Qh6 15.
Nfd2 Bh3 16. Nxe4 Bxg2 17. Kxg2 dxe4 18. Nc5 Nxc5 19. Qxc5 f5 20. Qxa7 Qh5 21.
Qxb7 g5 22. Qxc6 f4 23. Qd5+ Kh8 24. exf4 Qf3+ 25. Kg1 gxf4 26. Qg5 e3 27. fxe3
Qxe3+ 28. Rf2 Qxd4 29. g4 Re2 30. Rf1 Rg8 31. Qxf4 Rxg4+ 32. Qxg4 Qxg4+ 33. Kh1
Qe4+ 34. Kg1 Qe3 35. Kg2 Rxf2+ 36. Rxf2 Kg7 37. a3 Kg6 38. h3 Kg5 39. Rf3 Qe4
40. b4 Qc2+ 41. Kg3 h5 42. h4+ Kg6 43. b5 Qc7+ 44. Kg2 Qb7 45. a4 Qa8 46. a5
Qxa5 47. Rg3+ Kh6 48. Rg5 Qa8+ 49. Kh3 Qf3+ 50. Kh2 Qe4 51. Kh3 Qf4 52. b6 Qb4
53. b7 Qxb7 54. Kh2 Qf3 55. Rg1 Qf2+ 56. Kh3 Qf3+ 57. Kh2 Kh7 58. Rg5 Qe2+ 59.
Kh3 Qd1 60. Kh2 Kh6 61. Rg1 Qd4 62. Kh3 Qe3+ 63. Kh2 Qf3 64. Rg5 Kh7 65. Rg1 Qe3
66. Rg5 Qe2+ 67. Kh3 Qf3+ 68. Kh2 Kh6 69. Rg1 Qg4 70. Rxg4 hxg4 71. Kg2 Kg6 72.
Kh2 Kh6 73. Kg2 Kg6 1/2-1/2

[Event "Reykjavik Open 2016"]
[Site "Reykjavik ISL"]
[Date "2016.03.12"]
[Round "6.95"]
[White "Steingrimsson, Karl Egill"]
[Black "Kvamme, Ingrid Jodre"]
[Result "1/2-1/2"]
[WhiteElo "1693"]
[BlackElo "1473"]
[WhiteFideId "2304791"]
[BlackFideId "1516981"]
[EventDate "2016.03.08"]

1. Nf3 c5 2. e3 Nf6 3. b3 g6 4. Bb2 Bg7 5. d4 O-O 6. Bd3 d6 7. h3 Nbd7 8. O-O b6
9. Re1 Bb7 10. Nbd2 Qc7 11. c4 e6 12. e4 cxd4 13. Bxd4 Nc5 14. Bxc5 dxc5 15. Rb1
Rfd8 16. Qc2 Nd7 17. Rbd1 Ne5 18. Nxe5 Qxe5 19. Nf3 Qc7 20. h4 Rd7 21. Be2 Rad8
22. Rxd7 Rxd7 23. Rd1 Rxd1+ 24. Bxd1 Qf4 25. Qe2 Qxe4 26. Qxe4 Bxe4 27. Ng5 Bc6
28. Bf3 Bxf3 29. Nxf3 Bd4 30. Kf1 Kg7 31. Nd2 f5 32. Ke2 Kf6 33. f3 h6 34. a4 g5
35. hxg5+ hxg5 36. Kd3 Ke5 37. g3 g4 38. Ke2 Kf6 39. fxg4 fxg4 40. Ne4+ Ke7 41.
Kd3 e5 42. Ke2 Ke6 43. Kd3 1/2-1/2

[Event "Reykjavik Open 2016"]
[Site "Reykjavik ISL"]
[Date "2016.03.12"]
[Round "6.96"]
[White "Tan, Teck Woon"]
[Black "Berg, Bo 1949"]
[Result "1/2-1/2"]
[WhiteElo "1488"]
[BlackElo "1664"]
[WhiteFideId "5813522"]
[BlackFideId "1733869"]
[EventDate "2016.03.08"]

1. d4 Nf6 2. Bf4 d6 3. Nf3 g6 4. e3 Bg7 5. Be2 O-O 6. O-O Nbd7 7. h3 c5 8. Nbd2
a6 9. a4 cxd4 10. exd4 Nd5 11. Bh2 N7f6 12. c3 Bd7 13. Re1 Rc8 14. Bf1 Bc6 15.
Qb3 Nc7 16. Bc4 b5 17. axb5 axb5 18. Bf1 h6 19. Ra7 Qd7 20. Rea1 Ra8 21. R1a5
Rxa7 22. Rxa7 Ra8 23. Qa2 Rxa7 24. Qxa7 Ne6 25. Qa3 Qb7 26. Ne1 Nd5 27. Nd3 b4
28. Qa5 bxc3 29. bxc3 Qa8 30. Qxa8+ Bxa8 31. c4 Nc3 32. d5 Nd4 33. Kh1 Bb7 34.
Nb4 f5 35. f4 Kf7 1/2-1/2

[Event "Reykjavik Open 2016"]
[Site "Reykjavik ISL"]
[Date "2016.03.12"]
[Round "6.98"]
[White "Davidsson, Joshua"]
[Black "Luu, Robert"]
[Result "1-0"]
[WhiteElo "1411"]
[BlackElo "1599"]
[WhiteFideId "2311631"]
[BlackFideId "2311798"]
[EventDate "2016.03.08"]

1. e4 d5 2. exd5 Qxd5 3. Nc3 Qd6 4. d3 Nf6 5. Nf3 c6 6. Bg5 Bg4 7. Be2 Qc7 8. h3
Bh5 9. Qd2 Nbd7 10. g4 Bg6 11. O-O-O e6 12. a3 Bd6 13. Nh4 h6 14. Be3 Bh7 15. f4
O-O-O 16. Bf3 Rhe8 17. Rhe1 Nd5 18. Bxd5 exd5 19. Kb1 Nf8 20. Ng2 f5 21. Qf2 a6
22. Bb6 Qd7 23. Bxd8 Rxd8 24. Na4 Bc7 25. Qa7 Qd6 26. Nc5 1-0

[Event "Reykjavik Open 2016"]
[Site "Reykjavik ISL"]
[Date "2016.03.12"]
[Round "6.99"]
[White "Thorsteinsdottir, Svava"]
[Black "Kravchuk, Mykhaylo"]
[Result "0-1"]
[WhiteElo "1332"]
[BlackElo "1596"]
[WhiteFideId "2310686"]
[BlackFideId "2310007"]
[EventDate "2016.03.08"]

1. d4 d5 2. c4 e6 3. Nc3 Nf6 4. cxd5 exd5 5. Bg5 Be7 6. e3 O-O 7. Bd3 Be6 8.
Nge2 h6 9. Bh4 c6 10. Qc2 Nbd7 11. O-O Rc8 12. Rad1 Qc7 13. e4 dxe4 14. Nxe4 Qd8
15. a3 Bd5 16. Bg3 Nxe4 17. Bxe4 Nf6 18. Bf5 Ra8 19. Rfe1 Bd6 20. Rd2 Re8 21.
Qb1 Ne4 22. Bxe4 Bxe4 23. Qc1 Bd5 24. h3 Qf6 25. Rdd1 Rad8 26. Bf4 Re7 27. Be3
Qg6 28. Bg5 Qxg5 29. Qxg5 hxg5 30. Kf1 Rde8 31. Rc1 f5 32. g3 f4 33. g4 Bg2+ 34.
Kxg2 Rxe2 35. Rxe2 Rxe2 0-1

[Event "Reykjavik Open 2016"]
[Site "Reykjavik ISL"]
[Date "2016.03.12"]
[Round "6.100"]
[White "Jonasson, Hordur"]
[Black "Magnusson, Thorsteinn"]
[Result "1/2-1/2"]
[WhiteElo "1536"]
[BlackElo "1314"]
[WhiteFideId "2311224"]
[BlackFideId "2310287"]
[EventDate "2016.03.08"]

1. e4 e6 2. d4 d5 3. exd5 exd5 4. Nf3 Bd6 5. Bd3 Ne7 6. O-O Bf5 7. Bg5 Bxd3 8.
Qxd3 Nbc6 9. c3 Qd7 10. Bxe7 Nxe7 11. Ne5 Bxe5 12. dxe5 Ng6 13. Re1 O-O-O 14.
Qd4 Kb8 15. a4 Rhe8 16. Nd2 Qf5 17. Nf3 Nf4 18. g3 Nh3+ 19. Kg2 g5 20. Re2 h5
21. Rae1 h4 22. Ng1 g4 23. Qe3 f6 24. f4 gxf3+ 25. Qxf3 Qxf3+ 26. Nxf3 Ng5 27.
exf6 h3+ 28. Kf2 Ne4+ 29. Kf1 Nxf6 30. Rxe8 Rxe8 31. Rxe8+ Nxe8 32. Ng5 Nf6 33.
Nxh3 Ng4 34. Kg2 Ne3+ 35. Kf3 Nd1 36. g4 Nxb2 37. Nf4 Nxa4 38. Nxd5 Nc5 39. Ne7
a5 40. h4 a4 41. h5 a3 42. h6 a2 43. h7 a1=Q 44. h8=Q+ Ka7 45. Qd4 Qf1+ 46. Qf2
Qd3+ 1/2-1/2

[Event "Reykjavik Open 2016"]
[Site "Reykjavik ISL"]
[Date "2016.03.12"]
[Round "6.102"]
[White "Johannsson, Birkir Isak"]
[Black "Kristjansson, Hjortur"]
[Result "1/2-1/2"]
[WhiteElo "1303"]
[BlackElo "1488"]
[WhiteFideId "2314673"]
[BlackFideId "2315076"]
[EventDate "2016.03.08"]

1. d4 d5 2. c4 c6 3. cxd5 cxd5 4. Nc3 Nf6 5. Nf3 Nc6 6. Bf4 Bf5 7. e3 e6 8. a3
a6 9. Bd3 Bxd3 10. Qxd3 Bd6 11. Bxd6 Qxd6 12. O-O O-O 13. h3 b5 14. b4 h6 15.
Rac1 Nd7 16. Nd2 Nb6 17. Nb3 Nc4 18. Ra1 Ne7 19. Nc5 Nf5 20. Ne2 Ra7 21. Nf4 Rd8
22. Ra2 1/2-1/2

[Event "Reykjavik Open 2016"]
[Site "Reykjavik ISL"]
[Date "2016.03.12"]
[Round "6.103"]
[White "Davidsson, Stefan Orri"]
[Black "Norlander, Svante"]
[Result "0-1"]
[WhiteElo "1244"]
[BlackElo "1649"]
[WhiteFideId "2311399"]
[BlackFideId "1716930"]
[EventDate "2016.03.08"]

1. e4 c5 2. c3 Nf6 3. e5 Nd5 4. d4 e6 5. c4 Nb6 6. d5 d6 7. dxe6 Bxe6 8. exd6
Bxd6 9. Be3 O-O 10. Nd2 Nc6 11. Ngf3 Bf5 12. Ng5 Be5 13. Bxc5 Qxg5 14. Bxf8 Rxf8
15. Nf3 Qf6 16. Nxe5 Nxe5 17. b3 Ng4 18. Be2 Rd8 19. Qc1 Bd3 20. Bxg4 Qe5+ 21.
Qe3 Qxa1+ 22. Bd1 Qc3+ 23. Qd2 Re8+ 0-1

[Event "Reykjavik Open 2016"]
[Site "Reykjavik ISL"]
[Date "2016.03.12"]
[Round "6.104"]
[White "Kristofersson, Sindri Snaer"]
[Black "Halldorsson, Haukur"]
[Result "0-1"]
[WhiteElo "1212"]
[BlackElo "1570"]
[WhiteFideId "2310732"]
[BlackFideId "2305089"]
[EventDate "2016.03.08"]

1. d4 d5 2. c4 c6 3. Nc3 Nf6 4. Bg5 e6 5. e3 h6 6. Bh4 Be7 7. a4 O-O 8. Nf3 Nbd7
9. Be2 dxc4 10. Bxc4 Nd5 11. Bxe7 Qxe7 12. Nxd5 exd5 13. Bd3 Re8 14. O-O Nf8 15.
h3 Qf6 16. Re1 Bf5 17. Bxf5 Qxf5 18. Rc1 Ng6 19. Qb3 Re7 20. Qb4 Rae8 21. Nd2
Nf4 22. e4 dxe4 23. Nc4 Nd3 24. Nd6 Qxf2+ 25. Kh1 Nxb4 26. Rf1 Qxd4 27. Nxe8
Rxe8 28. b3 Nd3 29. Rc2 e3 30. Rc4 e2 31. Re1 Qf2 32. Rb1 e1=Q+ 33. Rxe1 Rxe1+ 0-1

[Event "Reykjavik Open 2016"]
[Site "Reykjavik ISL"]
[Date "2016.03.12"]
[Round "6.105"]
[White "Gislason, Jason Andri"]
[Black "Birkisdottir, Freyja"]
[Result "1-0"]
[WhiteElo "1319"]
[BlackElo "1246"]
[WhiteFideId "2311283"]
[BlackFideId "2311860"]
[EventDate "2016.03.08"]

1. e4 c5 2. Nf3 Nc6 3. d4 cxd4 4. Nxd4 e6 5. Nc3 a6 6. Be3 Nf6 7. Bd3 Bb4 8. O-O
Bxc3 9. bxc3 Qc7 10. f4 O-O 11. a4 d6 12. c4 Na5 13. Qe2 Bd7 14. f5 exf5 15.
Nxf5 Rfe8 16. Bd4 Qc8 17. Nxd6 Qc6 18. Nxe8 Rxe8 19. Bxf6 gxf6 20. Qh5 Qb6+ 21.
Kh1 Kf8 22. Rab1 Qd4 23. Qxa5 Ra8 24. Qb4+ Ke8 25. Qxb7 Ra7 26. Qb8+ Ke7 27. Qh8
Bxa4 28. Rb8 a5 29. Qf8+ Ke6 30. e5 Kxe5 31. Re1+ Kf4 32. Qh6+ Kg4 33. Qh3+ Kf4
34. Qg3# 1-0

[Event "Reykjavik Open 2016"]
[Site "Reykjavik ISL"]
[Date "2016.03.13"]
[Round "7.1"]
[White "Cheparinov, Ivan"]
[Black "Movsesian, Sergei"]
[Result "1/2-1/2"]
[WhiteTitle "GM"]
[BlackTitle "GM"]
[WhiteElo "2684"]
[BlackElo "2653"]
[WhiteFideId "2905540"]
[BlackFideId "310204"]
[EventDate "2016.03.08"]

1. d4 Nf6 2. c4 e6 3. Nf3 d5 4. g3 Be7 5. Bg2 O-O 6. O-O dxc4 7. Qc2 a6 8. a4
Bd7 9. Qxc4 Bc6 10. Bg5 Nbd7 11. Nc3 h6 12. Bxf6 Nxf6 13. b4 Bd5 14. Nxd5 exd5
15. Qb3 Bd6 16. e3 Qe7 17. b5 axb5 18. axb5 Qe6 19. Ra2 Rxa2 20. Qxa2 Ne4 21.
Qa7 b6 22. Rc1 Qf5 23. Qa2 g5 24. h3 Kg7 25. Rc6 Nf6 26. Nd2 Qd3 27. Bf1 Qf5 28.
Bg2 Qd3 29. Bf1 Qf5 30. Bg2 1/2-1/2